| 000 | 00662nam a2200217Ia 4500 | ||
|---|---|---|---|
| 008 | 191130s1989##################000#0#eng## | ||
| 020 | _a9780820408941 | ||
| 022 | _a88023447 | ||
| 040 |
_aACL _cACL |
||
| 082 | _a193 WIL | ||
| 100 | _aWilson, Charles A | ||
| 245 |
_aFeuerbach and the search for otherness _cCharles A. Wilson |
||
| 260 |
_aBern _bPeter Lang _cc1989 |
||
| 300 | _ax, 448 p. ; 23 cm | ||
| 500 | _aIncludes bibliographical references and index | ||
| 650 | _aDifference (Philosophy) - History - 19th century | ||
| 650 | _aFeuerbach, Ludwig, 1804-1872 | ||
| 990 | _adf2ad16bac10000c4554030e40b664cf | ||
| 991 | _a68971 | ||
| 999 |
_c182847 _d182847 |
||